[Event "Bundesliga 0607"]
[Site "Germany"]
[Date "2007.02.24"]
[EventDate "?"]
[Round "10.1"]
[Result "1/2-1/2"]
[White "Arkadij Naiditsch"]
[Black "Rafael Vaganian"]
[WhiteElo "2676"]
[BlackElo "2587"]
[PlyCount "99"]

1. e4 e6 2. d4 d5 3. Nc3 dxe4 4. Nxe4 Nd7 5. Nf3 Ngf6 6. Nxf6+
Nxf6 7. c3 c5 8. Be3 Qc7 9. Ne5 a6 10. Qa4+ Bd7 11. Nxd7 Qxd7
12. Qxd7+ Nxd7 13. O-O-O cxd4 14. Bxd4 O-O-O 15. f4 Rg8 16. b4
Bd6 17. g3 e5 18. Bf2 Bc7 19. f5 e4 20. Bc4 Ne5 21. Be2 Rge8
22. Be3 Nd3+ 23. Kc2 Re5 24. Rhf1 Red5 25. a3 b5 26. Rd2 Kb7
27. Rfd1 Rxf5 28. Bxd3 exd3+ 29. Rxd3 Rf3 30. Rxd8 Bxd8
31. Rxd8 Rxe3 32. Rd7+ Kc6 33. Rxf7 Re2+ 34. Kd3 Rxh2 35. Rxg7
h5 36. Rg5 h4 37. g4 h3 38. Rg6+ Kd5 39. Rh6 Rh1 40. Rh5+ Kc6
41. Kd4 Rg1 42. Rh6+ Kb7 43. Kc5 Rxg4 44. Rh7+ Kc8 45. Kb6 Rg3
46. Kxa6 Rxc3 47. Kxb5 Rxa3 48. Kb6 Rd3 49. Rh5 Rd6+ 50. Kc5
1/2-1/2

[Event "Bundesliga 0607"]
[Site "Germany"]
[Date "2007.03.17"]
[EventDate "?"]
[Round "12.1"]
[Result "1-0"]
[White "Alexey Shirov"]
[Black "Arkadij Naiditsch"]
[WhiteElo "2720"]
[BlackElo "2676"]
[PlyCount "123"]

1. e4 e5 2. Nf3 Nc6 3. Bb5 Nf6 4. O-O Nxe4 5. d4 Nd6 6. Bxc6
dxc6 7. dxe5 Nf5 8. Qxd8+ Kxd8 9. Nc3 Ne7 10. h3 h6 11. Be3
Ke8 12. Rad1 Bd7 13. Rfe1 Rd8 14. a3 a6 15. Ne4 Bf5 16. Bd2
Ng6 17. g4 Be6 18. Ng3 Bd5 19. Nh2 Nh4 20. Bc3 Be6 21. Nh5 b6
22. b4 g6 23. Nf6+ Ke7 24. f4 h5 25. Kf2 hxg4 26. hxg4 Rxd1
27. Rxd1 g5 28. fxg5 Ng6 29. Kg3 Nf4 30. Rd2 Rh3+ 31. Kxf4
Rxc3 32. Ng8+ Ke8 33. Nf6+ Ke7 34. Nf3 Rc4+ 35. Kg3 Rc3
36. Ng8+ Ke8 37. Nf6+ Ke7 38. Kf2 c5 39. Nh4 Rc4 40. Ng8+ Ke8
41. Nf6+ Ke7 42. Kg3 Rc3+ 43. Kg2 Bc4 44. Nh7 cxb4 45. Nf5+
Ke6 46. Nxf8+ Kxe5 47. axb4 Kf4 48. g6 fxg6 49. Rd4+ Ke5
50. Nxg6+ Kf6 51. Nf4 c5 52. bxc5 bxc5 53. Rd2 Kg5 54. Nd3 Bb5
55. Kf2 Kxg4 56. Nd6 Ba4 57. Ne1 Kf4 58. Ng2+ Ke5 59. Ne3 Bc6
60. Ndc4+ Kf4 61. Rd6 Be4 62. Ke2 1-0

[Event "Bundesliga 0607"]
[Site "Germmany"]
[Date "2007.02.25"]
[EventDate "?"]
[Round "11.1"]
[Result "1/2-1/2"]
[White "Christian Bauer"]
[Black "Arkadij Naiditsch"]
[WhiteElo "2589"]
[BlackElo "2676"]
[PlyCount "67"]

1. c4 Nf6 2. Nc3 c5 3. g3 d5 4. cxd5 Nxd5 5. Bg2 Nc7 6. Qa4+
Qd7 7. Qxd7+ Nxd7 8. d3 g6 9. Nf3 Bg7 10. O-O Ne6 11. Be3 Rb8
12. Rfd1 Ne5 13. Ng5 Nxg5 14. Bxg5 b6 15. Nb5 h6 16. Bf4 a6
17. Nc7+ Kd8 18. Nd5 g5 19. Bd2 Nc6 20. Bc3 Nd4 21. Rd2 Bb7
22. Rc1 Bxd5 23. Bxd5 e6 24. Be4 Ke7 25. b4 f5 26. Bg2 g4
27. Bxd4 cxd4 28. Rc7+ Kf6 29. Rdc2 Rhd8 30. Bb7 Bf8 31. Bxa6
Bxb4 32. R2c6 Rd6 33. Rxd6 Bxd6 34. Rc8 1/2-1/2

[Event "Liepajas Rokade Super"]
[Site "Liepaja LAT"]
[Date "2007.08.05"]
[EventDate "2007.08.02"]
[Round "11"]
[Result "1/2-1/2"]
[White "Normunds Miezis"]
[Black "Arkadij Naiditsch"]
[WhiteElo "2524"]
[BlackElo "2652"]
[PlyCount "92"]

1. c4 e5 2. Nc3 Nf6 3. g3 d5 4. cxd5 Nxd5 5. Bg2 Nb6 6. Nf3
Nc6 7. Rb1 a5 8. O-O Be7 9. d3 O-O 10. Be3 Be6 11. Rc1 Nd5
12. Nxd5 Bxd5 13. a3 Re8 14. Qa4 Bf6 15. Rfd1 Nd4 16. Bxd4
exd4 17. Qc2 c6 18. Re1 Re7 19. Nd2 Bxg2 20. Kxg2 Qd5+ 21. Kg1
Bg5 22. f4 Bh6 23. Qc5 Rd7 24. Nf3 Qe6 25. Qe5 Qxe5 26. Nxe5
Rd5 27. Ng4 Rb5 28. Rc2 Re8 29. Kf2 f5 30. Nxh6+ gxh6 31. e3
dxe3+ 32. Rxe3 Rxe3 33. Kxe3 Kf7 34. Re2 c5 35. Rc2 b6 36. d4
Rb3+ 37. Rc3 cxd4+ 38. Kxd4 Rxb2 39. Rc6 Rxh2 40. Rxb6 Ra2
41. Ke5 Rxa3 42. Kxf5 Rxg3 43. Rb7+ Ke8 44. Rxh7 Rb3 45. Rxh6
Rb5+ 46. Kg4 Kf7 1/2-1/2

[Event "Moscow Open"]
[Site "Moscow"]
[Date "2008.??.??"]
[EventDate "?"]
[Round "8"]
[Result "0-1"]
[White "Arkadij Naiditsch"]
[Black "Alexander Lastin"]
[WhiteElo "2657"]
[BlackElo "2630"]
[PlyCount "66"]

1. e4 c6 2. d4 d5 3. e5 Bf5 4. Nc3 e6 5. g4 Bg6 6. Nge2 c5
7. Be3 Nc6 8. dxc5 h5 9. Nf4 Bh7 10. Nb5 hxg4 11. Qxg4 Nh6
12. Qh5 Bf5 13. Rg1 g6 14. Qe2 a6 15. Nd6+ Bxd6 16. exd6 Qa5+
17. c3 d4 18. b4 Qa3 19. Bd2 dxc3 20. Bc1 Qa4 21. Bg2 Nxb4
22. Nd5 Nc2+ 23. Kf1 Ng4 24. Rh1 Nxa1 25. Nc7+ Kd7 26. Bxb7
Rab8 27. c6+ Kxd6 28. Nxa6 Ne5 29. Nc5 Qc2 30. Bf4 f6 31. Qe1
Bh3+ 32. Kg1 Kxc5 33. Bxe5 Qd2 0-1

[Event "President's Cup"]
[Site "Baku AZE"]
[Date "2008.05.12"]
[EventDate "2008.05.12"]
[Round "1"]
[Result "1-0"]
[White "Arkadij Naiditsch"]
[Black "Javid Nariman Shirinov"]
[WhiteElo "2624"]
[BlackElo "2101"]
[PlyCount "47"]

1. e4 e5 2. Nf3 Nc6 3. Bb5 a6 4. Ba4 Nf6 5. d3 b5 6. Bb3 Be7
7. a4 Bb7 8. Nc3 b4 9. Ne2 O-O 10. Ng3 d5 11. Qe2 dxe4
12. dxe4 Nd4 13. Nxd4 exd4 14. O-O c5 15. Re1 Re8 16. Qc4 Rf8
17. Nf5 Nd7 18. Bf4 Nb6 19. Qd3 Bc8 20. a5 Bxf5 21. axb6 Bd7
22. b7 Rb8 23. Qxa6 Re8 24. Bd5 1-0

[Event "President's Cup"]
[Site "Baku AZE"]
[Date "2008.05.13"]
[EventDate "2008.05.12"]
[Round "2"]
[Result "0-1"]
[White "Nijat Aghayev"]
[Black "Arkadij Naiditsch"]
[WhiteElo "2291"]
[BlackElo "2624"]
[PlyCount "86"]

1. d4 Nf6 2. c4 e6 3. Nf3 Bb4+ 4. Nbd2 O-O 5. g3 b6 6. Bg2 Bb7
7. O-O Be7 8. b3 c5 9. Bb2 d6 10. Qc2 Nbd7 11. Rad1 Qc7
12. Qb1 a6 13. dxc5 bxc5 14. Ng5 Bxg2 15. Kxg2 a5 16. Nde4
Nxe4 17. Nxe4 Qc6 18. Kg1 d5 19. cxd5 exd5 20. Nc3 Nb6 21. Rd2
d4 22. Nd1 Rfd8 23. e3 Bf6 24. exd4 cxd4 25. Qd3 Nd5 26. Qf3
Qb6 27. Re1 Qb4 28. Qd3 h6 29. a3 Qb7 30. Qf3 Qb6 31. Re4 Ne7
32. Rg4 Kh8 33. Rf4 Rab8 34. h4 Rd6 35. Rd3 Rbd8 36. Rf5 Rd5
37. Rxd5 Rxd5 38. Ba1 Qe6 39. Kg2 Rf5 40. Qb7 Nd5 41. Rf3 Rxf3
42. Kxf3 Kh7 43. Qb5 Qf5+ 0-1

[Event "President's Cup"]
[Site "Baku AZE"]
[Date "2008.05.15"]
[EventDate "2008.05.12"]
[Round "4"]
[Result "0-1"]
[White "Shakhriyar Hasanov"]
[Black "Arkadij Naiditsch"]
[WhiteElo "2255"]
[BlackElo "2624"]
[PlyCount "76"]

1. e4 c5 2. Nf3 d6 3. d4 cxd4 4. Nxd4 Nf6 5. Nc3 a6 6. Bg5 e6
7. f4 Qb6 8. Qd3 Nc6 9. Bxf6 gxf6 10. Nb3 Bd7 11. Be2 h5
12. O-O-O O-O-O 13. Rhf1 Be7 14. Kb1 Kb8 15. Qh3 Na5 16. f5
Rc8 17. fxe6 fxe6 18. Nd5 exd5 19. Qxd7 Rc7 20. Qe6 Nc4
21. exd5 Ne3 22. Nd4 Nxf1 23. Bxf1 Rhc8 24. c4 Bf8 25. Qf5 Bh6
26. Ne6 Rxc4 27. Bxc4 Rxc4 28. Qf1 Rc8 29. Qxf6 Qe3 30. Qf1
Qe4+ 31. Ka1 Rc2 32. Qf3 Qb4 33. Qb3 Qxb3 34. axb3 Rxg2 35. h4
Rh2 36. Rd4 Bc1 37. Rc4 Bxb2+ 38. Kb1 Bf6 0-1

[Event "President's Cup"]
[Site "Baku AZE"]
[Date "2008.05.16"]
[EventDate "2008.05.12"]
[Round "5"]
[Result "1-0"]
[White "Arkadij Naiditsch"]
[Black "Logman Guliev"]
[WhiteElo "2624"]
[BlackElo "2434"]
[PlyCount "69"]

1. e4 e5 2. Nf3 Nf6 3. d4 exd4 4. e5 Ne4 5. Qxd4 d5 6. exd6
Nxd6 7. Bg5 Nc6 8. Qd2 Be7 9. Nc3 Bxg5 10. Nxg5 h6 11. Nge4
Nxe4 12. Qxd8+ Nxd8 13. Nxe4 Bf5 14. Bb5+ Ke7 15. O-O-O Bxe4
16. Rhe1 Ne6 17. Rxe4 Rad8 18. Rde1 Rd6 19. Bc4 Rhd8 20. c3 g5
21. g3 Kf6 22. b4 Nf8 23. f4 R8d7 24. fxg5+ hxg5 25. h4 gxh4
26. gxh4 Ne6 27. h5 Ng5 28. Rg4 Kf5 29. Rg2 f6 30. Bb3 Kf4
31. Rf1+ Ke5 32. Rgf2 Ke4 33. Re1+ Kd3 34. Kb2 b6 35. Rfe2 1-0

[Event "President's Cup"]
[Site "Baku AZE"]
[Date "2008.05.17"]
[EventDate "2008.05.12"]
[Round "6"]
[Result "1-0"]
[White "Farid Abbasov"]
[Black "Arkadij Naiditsch"]
[WhiteElo "2528"]
[BlackElo "2624"]
[PlyCount "123"]

1. Nf3 Nf6 2. c4 e6 3. Nc3 d5 4. cxd5 exd5 5. d4 Bf5 6. Qb3
Nc6 7. Bg5 Na5 8. Qa4+ c6 9. Bxf6 gxf6 10. e3 b5 11. Qd1 Bb4
12. Bd3 Bg6 13. O-O Nc4 14. Bxg6 hxg6 15. Qc2 Bd6 16. b3 Na3
17. Qd3 Qd7 18. e4 b4 19. Na4 dxe4 20. Qxe4+ Kf8 21. Rac1 Rc8
22. Nc5 Qc7 23. g3 Nb5 24. Nh4 Qe7 25. Qxe7+ Bxe7 26. Rfe1
Bxc5 27. dxc5 Rh5 28. Rc4 a5 29. Nf3 Rd5 30. g4 Re8 31. Rxe8+
Kxe8 32. Kg2 Kf8 33. h4 Rd3 34. g5 Rc3 35. Rf4 Rxc5 36. Rxf6
Ke7 37. Rf4 Nd6 38. Nd4 Kd7 39. Nf3 Rd5 40. Kh3 c5 41. Kg4 a4
42. bxa4 c4 43. Rd4 Ke6 44. Rxd5 Kxd5 45. Kf4 c3 46. Ne1 Nb7
47. Ke3 Kc4 48. Nf3 b3 49. axb3+ Kxb3 50. Nd4+ Kb2 51. f4 Nd6
52. Kd3 Nf5 53. Nc2 Nxh4 54. a5 Ng2 55. Nb4 Nxf4+ 56. Kc4 Ne6
57. a6 Nc7 58. a7 Na8 59. Kb5 Kb3 60. Nd3 c2 61. Kc6 Kc4
62. Nc1 1-0

[Event "Ordix Open"]
[Site "Mainz GER"]
[Date "2008.08.02"]
[EventDate "2008.08.02"]
[Round "5"]
[Result "0-1"]
[White "Arkadij Naiditsch"]
[Black "Pawel Jaracz"]
[WhiteElo "2665"]
[BlackElo "2501"]
[PlyCount "90"]

1. e4 c5 2. Nf3 e6 3. d4 cxd4 4. Nxd4 a6 5. Bd3 Bc5 6. Nb3 Ba7
7. Qe2 Nc6 8. Be3 d6 9. N1d2 Nge7 10. O-O e5 11. a4 O-O
12. Nc4 Bxe3 13. Nxe3 Be6 14. Bc4 Na5 15. Nxa5 Qxa5 16. Rfd1
Rad8 17. c3 h6 18. g3 Kh8 19. h4 Bxc4 20. Qxc4 f5 21. Qe6 Qc7
22. exf5 Rf6 23. Qc4 Qd7 24. Qe4 Nxf5 25. Nd5 Rf7 26. Rd2 Qc6
27. Rad1 Rdf8 28. Qb4 b5 29. axb5 axb5 30. Qe4 Qc5 31. b4 Qa7
32. Kg2 Qb7 33. Re2 h5 34. Rdd2 Qc8 35. Ra2 g6 36. Ra5 Qc6
37. Kg1 Kg7 38. Qd3 Rb8 39. Re4 Nh6 40. Ne3 Nf5 41. Nxf5+ gxf5
42. Re2 f4 43. Rea2 fxg3 44. fxg3 Rbf8 45. Qe3 Rf1+ 0-1

[Event "Euro Club Cup"]
[Site "Kallithea GRE"]
[Date "2008.10.17"]
[EventDate "2008.10.17"]
[Round "1"]
[Result "1/2-1/2"]
[White "Anders Olsson"]
[Black "Arkadij Naiditsch"]
[WhiteElo "2404"]
[BlackElo "2678"]
[PlyCount "97"]

1. e4 e5 2. Nf3 Nc6 3. Bc4 Nf6 4. d3 Be7 5. O-O O-O 6. Nbd2 d6
7. c3 Na5 8. Bb5 a6 9. Ba4 b5 10. Bc2 c5 11. Re1 Nc6 12. Nf1
Re8 13. Ng3 Bf8 14. h3 Bb7 15. d4 cxd4 16. cxd4 exd4 17. Nxd4
Nxd4 18. Qxd4 Rc8 19. Bb3 d5 20. e5 Ne4 21. Nxe4 dxe4 22. Qxd8
Rcxd8 23. Bg5 Rc8 24. e6 fxe6 25. Rad1 h6 26. Bf4 Kf7 27. Rd7+
Re7 28. Rd6 g5 29. Be5 Rc5 30. Bc3 Rf5 31. Red1 Bd5 32. Bxd5
Rxd5 33. R1xd5 exd5 34. Rxd5 Rc7 35. Rf5+ Kg8 36. Kf1 Bg7
37. a4 Bxc3 38. bxc3 bxa4 39. Ra5 Rxc3 40. Rxa4 Rc6 41. Rxe4
a5 42. Re8+ Kf7 43. Ra8 Rc5 44. Ra6 h5 45. Ke2 Ke7 46. g4 h4
47. f4 gxf4 48. Kf3 Rc3+ 49. Kxf4 1/2-1/2

[Event "Euro Club Cup"]
[Site "Kallithea GRE"]
[Date "2008.10.18"]
[EventDate "2008.10.17"]
[Round "2"]
[Result "1-0"]
[White "Arkadij Naiditsch"]
[Black "Virginijus Grabliauskas"]
[WhiteElo "2678"]
[BlackElo "2427"]
[PlyCount "91"]

1. e4 c5 2. Nf3 e6 3. d4 cxd4 4. Nxd4 a6 5. Bd3 g6 6. O-O Bg7
7. Be3 Nc6 8. Nxc6 bxc6 9. Nd2 d5 10. c3 Ne7 11. f4 O-O 12. e5
a5 13. Nb3 Ba6 14. Bxa6 Rxa6 15. Bc5 Re8 16. a4 Qa8 17. Nc1
Bf8 18. g4 Nf5 19. Bf2 Ng7 20. Nd3 Rb8 21. Qc2 Be7 22. Bd4 Rf8
23. Rab1 Qe8 24. b4 f5 25. exf6 Bxf6 26. Nc5 Rb6 27. bxa5 Rxb1
28. Qxb1 Bxd4+ 29. cxd4 Qd8 30. a6 Qf6 31. Qd3 Ra8 32. Kg2 Ne8
33. Qe3 Nc7 34. Qe5 Qxe5 35. fxe5 g5 36. Rf6 Kg7 37. Kf3 h6
38. Ke3 Nxa6 39. Nxe6+ Kh7 40. Rf7+ Kg8 41. Rg7+ Kh8 42. Rb7
Kg8 43. Kd2 c5 44. Nxc5 Nxc5 45. dxc5 Kf8 46. c6 1-0

[Event "Euro Club Cup"]
[Site "Kallithea GRE"]
[Date "2008.10.20"]
[EventDate "2008.10.17"]
[Round "4"]
[Result "0-1"]
[White "Evgeny Najer"]
[Black "Arkadij Naiditsch"]
[WhiteElo "2682"]
[BlackElo "2678"]
[PlyCount "56"]

1. e4 e5 2. Nf3 Nc6 3. d4 exd4 4. Nxd4 Bc5 5. Be3 Qf6 6. c3
Nge7 7. Bc4 Ne5 8. Be2 Qg6 9. O-O d6 10. f3 O-O 11. Kh1 d5
12. f4 Qxe4 13. b4 Bb6 14. Bg1 Bh3 15. Rf2 Bxd4 16. cxd4 Ng4
17. Rf3 Bxg2+ 18. Kxg2 Nf5 19. Qd2 Nh4+ 20. Kg3 Qg6 21. Kxh4
Nf6 22. Re3 Qxg1 23. Bf3 Rae8 24. Re5 Ne4 25. Bxe4 Rxe5
26. dxe5 dxe4 27. a4 e3 28. Qe2 Re8 0-1

[Event "Euro Club Cup"]
[Site "Kallithea GRE"]
[Date "2008.10.21"]
[EventDate "2008.10.17"]
[Round "5"]
[Result "1-0"]
[White "Arkadij Naiditsch"]
[Black "Gabriel Sargissian"]
[WhiteElo "2678"]
[BlackElo "2642"]
[PlyCount "99"]

1. e4 e5 2. Nf3 Nc6 3. Bb5 a6 4. Ba4 Nf6 5. O-O Be7 6. Re1 b5
7. Bb3 O-O 8. c3 d5 9. exd5 Nxd5 10. Nxe5 Nxe5 11. Rxe5 c6
12. d4 Bd6 13. Re1 Qh4 14. g3 Qh3 15. Be3 Bg4 16. Qd3 Rae8
17. Nd2 Re6 18. Qf1 Qh5 19. f3 Rf6 20. Qg2 Bh3 21. Qf2 Bf5
22. a4 Bd3 23. axb5 axb5 24. Qg2 Bb8 25. g4 Qg6 26. Bxd5 cxd5
27. Nb3 h5 28. g5 Re6 29. Nc5 Re7 30. Qd2 Bc2 31. Bf4 Bxf4
32. Qxf4 Rxe1+ 33. Rxe1 f6 34. Nd7 Re8 35. Rxe8+ Qxe8 36. Qb8
Qxb8 37. Nxb8 fxg5 38. Na6 Bb3 39. Nc7 Bc4 40. Ne6 g4 41. fxg4
hxg4 42. Kf2 Kf7 43. Nc5 b4 44. cxb4 Kf6 45. Na4 Ke6 46. Nc3
Bd3 47. Kg3 Bf5 48. Kf4 g6 49. b5 Kd6 50. b6 1-0

[Event "Mindsports"]
[Site "Beijing CHN"]
[Date "2008.10.08"]
[EventDate "2008.10.08"]
[Round "1"]
[Result "1-0"]
[White "Arkadij Naiditsch"]
[Black "Andrew Greet"]
[WhiteElo "2678"]
[BlackElo "2440"]
[PlyCount "104"]

1. d4 e6 2. Nf3 Nf6 3. c4 d5 4. g3 Bb4+ 5. Bd2 Be7 6. Bg2 O-O
7. O-O c6 8. Bf4 b6 9. Qc2 Ba6 10. cxd5 cxd5 11. Rc1 Nbd7
12. Nc3 Ne8 13. Qa4 Bb7 14. Nb5 a6 15. Nc7 Nxc7 16. Bxc7 Qe8
17. Ne1 Rc8 18. Qb3 b5 19. Rc2 Bd8 20. Bxd8 Qxd8 21. Rac1 Rxc2
22. Qxc2 Nf6 23. Qc7 Qa8 24. Qb6 Rc8 25. Rc7 Rxc7 26. Qxc7 Qc8
27. Qxc8+ Bxc8 28. e3 Kf8 29. Nd3 Ke7 30. Kf1 Nd7 31. Ke2 Kd6
32. Kd2 a5 33. Bf1 b4 34. Nf4 Nb6 35. b3 Bd7 36. h4 a4 37. h5
axb3 38. axb3 g5 39. hxg6 hxg6 40. Nd3 Bb5 41. Be2 Bxd3
42. Bxd3 Nd7 43. g4 g5 44. f3 f6 45. Bb1 Nb8 46. Bc2 Nc6
47. Bd1 e5 48. Kd3 exd4 49. exd4 Ne7 50. Ke3 f5 51. Bc2 fxg4
52. fxg4 Ng8 1-0

[Event "Mindsports"]
[Site "Beijing CHN"]
[Date "2008.10.08"]
[EventDate "2008.10.08"]
[Round "3"]
[Result "1/2-1/2"]
[White "Arkadij Naiditsch"]
[Black "Jan Markos"]
[WhiteElo "2678"]
[BlackElo "2557"]
[PlyCount "142"]

1. e4 c5 2. Nf3 Nc6 3. Bb5 d6 4. O-O Bd7 5. Re1 Nf6 6. c3 a6
7. Bf1 Bg4 8. h3 Bxf3 9. Qxf3 g6 10. Qd1 Bh6 11. a4 O-O
12. Na3 e6 13. Nc2 d5 14. e5 Nd7 15. d4 Bg7 16. b4 c4 17. Ne3
f5 18. exf6 Nxf6 19. Ng4 Ne4 20. Rxe4 dxe4 21. Bxc4 Qd6
22. Ba3 b5 23. axb5 axb5 24. Bxb5 Ra7 25. Ne3 Rfa8 26. Nc4 Qd5
27. Bxc6 Qxc6 28. Qb3 Rc8 29. Na5 Qd5 30. Qxd5 exd5 31. Bb2
Bh6 32. Rd1 Kf7 33. Kf1 Ke6 34. Ke2 Kd6 35. Bc1 Bxc1 36. Rxc1
Rac7 37. Kd2 Rf8 38. Ke3 Rcf7 39. Rc2 Rb8 40. Nb3 Ra7 41. Nc5
Ra3 42. f3 Rxb4 43. fxe4 dxe4 44. Nxe4+ Ke6 45. Kd3 Rb1
46. Rf2 Rd1+ 47. Kc4 Re1 48. Nc5+ Ke7 49. Kd5 Rxc3 50. Ra2 Kf6
51. Ne4+ Rxe4 52. Kxe4 Ke6 53. Ra6+ Kf7 54. Ra7+ Kf6 55. Rxh7
Rg3 56. Rh4 Rxg2 57. Rf4+ Ke6 58. Rg4 Re2+ 59. Kf3 Rd2
60. Rxg6+ Kf5 61. Rg4 Rd3+ 62. Kg2 Rd2+ 63. Kg3 Rd3+ 64. Kh4
Rd1 65. Rg5+ Kf6 66. d5 Rd3 67. Kg4 Rxh3 68. Rf5+ Kg6 69. Re5
Rd3 70. Kf4 Kf6 71. Ke4 Re3+ 1/2-1/2

[Event "Mindsports"]
[Site "Beijing CHN"]
[Date "2008.10.08"]
[EventDate "2008.10.08"]
[Round "4"]
[Result "1/2-1/2"]
[White "Utut Adianto"]
[Black "Arkadij Naiditsch"]
[WhiteElo "2554"]
[BlackElo "2678"]
[PlyCount "68"]

1. d4 Nf6 2. c4 e6 3. Nf3 Bb4+ 4. Nbd2 c5 5. e3 cxd4 6. exd4
O-O 7. a3 Be7 8. Bd3 d5 9. b3 Nc6 10. Bb2 b6 11. O-O Bb7
12. Qe2 Rc8 13. Rfd1 Re8 14. Rac1 Bf8 15. Bb1 Ne7 16. Ne5 Ng6
17. Qe3 Nd7 18. Nxg6 hxg6 19. Nf3 Bd6 20. Ne5 Nxe5 21. dxe5
Bc5 22. Qg3 a5 23. h4 Qe7 24. a4 Ba3 25. Bxa3 Qxa3 26. Rc3
Red8 27. Rcd3 Qe7 28. Rd4 dxc4 29. bxc4 Rxd4 30. Rxd4 Rd8
31. Qd3 Rxd4 32. Qxd4 Qc7 33. Be4 Bxe4 34. Qxe4 Qd7 1/2-1/2

[Event "Mindsports"]
[Site "Beijing CHN"]
[Date "2008.10.08"]
[EventDate "2008.10.08"]
[Round "5"]
[Result "1-0"]
[White "Arkadij Naiditsch"]
[Black "David Pruess"]
[WhiteElo "2678"]
[BlackElo "2422"]
[PlyCount "48"]

1. e4 e6 2. d4 d5 3. Nc3 Nf6 4. Bg5 Be7 5. e5 Nfd7 6. Bxe7
Qxe7 7. f4 O-O 8. Nf3 c5 9. Qd2 Nc6 10. O-O-O c4 11. f5 Rb8
12. h4 b5 13. f6 gxf6 14. Qh6 fxe5 15. Rh3 Qf6 16. Qxf6 Nxf6
17. dxe5 Nd7 18. Re1 d4 19. Ne4 f5 20. Rg3+ Kh8 21. Neg5 Nc5
22. Rd1 Bb7 23. Nxd4 Nxe5 24. Ndxe6 Nxe6 1-0

[Event "Mindsports"]
[Site "Beijing CHN"]
[Date "2008.10.08"]
[EventDate "2008.10.08"]
[Round "6"]
[Result "0-1"]
[White "Ni Hua"]
[Black "Arkadij Naiditsch"]
[WhiteElo "2710"]
[BlackElo "2678"]
[PlyCount "112"]

1. e4 e5 2. Nf3 Nc6 3. Bc4 Nf6 4. d3 Be7 5. O-O O-O 6. h3 d6
7. Nc3 Na5 8. a4 Nxc4 9. dxc4 Be6 10. b3 a5 11. Bg5 Nd7
12. Bxe7 Qxe7 13. Nd5 Bxd5 14. Qxd5 Nc5 15. Rfe1 Rad8 16. Rad1
Kh8 17. Re2 b6 18. Nd2 Qe6 19. Nb1 Qxd5 20. cxd5 f5 21. exf5
Rxf5 22. Nc3 h5 23. Ne4 h4 24. Nxc5 bxc5 25. Re4 g5 26. f3 Rb8
27. Rd3 Kg7 28. Kf2 Rf4 29. Rde3 Kf6 30. Ke2 Rb4 31. Rxb4 Rxb4
32. Re4 Rb6 33. Kd3 Kf5 34. Rc4 c6 35. dxc6 Rxc6 36. Re4 d5
37. Re2 Rb6 38. Kc3 Kf4 39. Rd2 Rd6 40. Re2 Rd8 41. Kd3 Rb8
42. Kc3 Rb4 43. Rd2 d4+ 44. Kd3 c4+ 45. bxc4 Rxa4 46. Re2 Ra3+
47. Kd2 Rc3 48. Re4+ Kf5 49. Re1 Rxc4 50. Rb1 Rb4 51. Ra1 a4
52. Kd3 Kf4 53. Ke2 Rc4 54. Kd3 Rc3+ 55. Kd2 a3 56. Ke2 Rxc2+
0-1

[Event "Mindsports"]
[Site "Beijing CHN"]
[Date "2008.10.08"]
[EventDate "2008.10.08"]
[Round "7"]
[Result "1/2-1/2"]
[White "Arkadij Naiditsch"]
[Black "Dimitri Reinderman"]
[WhiteElo "2678"]
[BlackElo "2543"]
[PlyCount "65"]

1. e4 c5 2. Nf3 Nc6 3. Bb5 Nf6 4. Nc3 g6 5. Bxc6 dxc6 6. d3
Bg7 7. h3 O-O 8. Be3 b6 9. Qd2 e5 10. Bh6 Qd6 11. Bxg7 Kxg7
12. O-O Nh5 13. Ne2 f6 14. a3 a5 15. Nh2 Be6 16. Kh1 Rad8
17. b3 a4 18. bxa4 c4 19. Rfd1 cxd3 20. cxd3 Bb3 21. Rdc1 Bxa4
22. Qb4 Qxb4 23. axb4 Bb5 24. Ng4 Nf4 25. Nxf4 exf4 26. e5 f5
27. e6 Rde8 28. Ra7+ Kh8 29. Ne5 Rxe6 30. Nf7+ Kg8 31. Nh6+
Kh8 32. Nf7+ Kg8 33. Nh6+ 1/2-1/2

[Event "Mindsports"]
[Site "Beijing CHN"]
[Date "2008.10.08"]
[EventDate "2008.10.08"]
[Round "8"]
[Result "1-0"]
[White "Ehsan Ghaem Maghami"]
[Black "Arkadij Naiditsch"]
[WhiteElo "2599"]
[BlackElo "2678"]
[PlyCount "105"]

1. e4 e5 2. Nf3 Nc6 3. Bb5 a6 4. Ba4 Nf6 5. Qe2 b5 6. Bb3 Bc5
7. c3 O-O 8. O-O Bb7 9. Rd1 d5 10. d3 d4 11. Bg5 h6 12. Bh4
Be7 13. cxd4 Nxd4 14. Nxd4 Qxd4 15. Nc3 Rad8 16. Rac1 c6
17. Kh1 Qd7 18. Qf3 Nh7 19. Bg3 Ng5 20. Qe3 Bf6 21. Ne2 Ne6
22. a3 Bg5 23. f4 exf4 24. Nxf4 Qd4 25. Qf3 Qxb2 26. Rb1 Qxa3
27. Nxe6 fxe6 28. Bxe6+ Kh8 29. Qe2 Qe7 30. Qg4 c5 31. h4 Be3
32. Bf5 Bc8 33. Re1 Bd4 34. h5 Bxf5 35. exf5 Qf6 36. Rf1 c4
37. Bh4 Qd6 38. Bxd8 Rxd8 39. dxc4 bxc4 40. Rbd1 c3 41. Qg6 c2
42. Qxd6 Rxd6 43. Rd2 Rc6 44. Rc1 Bf6 45. Rcxc2 Rb6 46. Rc8+
Kh7 47. Rd1 Rb4 48. g3 Rb5 49. g4 Rb4 50. Re1 Rxg4 51. Ree8 g5
52. Rc7+ Bg7 53. f6 1-0

[Event "Mindsports"]
[Site "Beijing CHN"]
[Date "2008.10.08"]
[EventDate "2008.10.08"]
[Round "9"]
[Result "1/2-1/2"]
[White "Arkadij Naiditsch"]
[Black "Mark Paragua"]
[WhiteElo "2678"]
[BlackElo "2526"]
[PlyCount "109"]

1. e4 c5 2. Nf3 d6 3. d4 cxd4 4. Nxd4 Nf6 5. Nc3 a6 6. Be3 e5
7. Nb3 Be6 8. Be2 Be7 9. O-O O-O 10. Qd2 Nbd7 11. a4 Rc8
12. a5 Qc7 13. Rfd1 Rfd8 14. f3 h6 15. Kh1 Nc5 16. Nxc5 dxc5
17. Qe1 Qc6 18. Rxd8+ Rxd8 19. Na4 c4 20. h3 Nd7 21. Bd2 Nc5
22. Nb6 Nd7 23. Na4 h5 24. Kh2 h4 25. Be3 Nf8 26. Nb6 Nd7
27. Na4 g6 28. Bf2 g5 29. Be3 Nf8 30. Nb6 Nd7 31. Na4 f6
32. Qc3 Rc8 33. Qd2 Kf7 34. Nc3 Bb4 35. Qe1 Bc5 36. Bxc5 Nxc5
37. Rd1 Qc7 38. Nd5 Bxd5 39. Rxd5 Ne6 40. Qd2 Kg6 41. Rd7 Qc5
42. Rxb7 Rd8 43. Rd7 Rb8 44. f4 gxf4 45. Bg4 Ng7 46. Qe1 Rh8
47. Qd1 Qe3 48. Bf5+ Kh6 49. Kh1 Qg3 50. Bg4 Re8 51. Rf7 Kh7
52. Bf5+ Kh8 53. Qd7 Qe1+ 54. Kh2 Qg3+ 55. Kh1 1/2-1/2

[Event "Mindsports"]
[Site "Beijing CHN"]
[Date "2008.10.08"]
[EventDate "2008.10.08"]
[Round "10"]
[Result "0-1"]
[White "Le Quang Liem"]
[Black "Arkadij Naiditsch"]
[WhiteElo "2583"]
[BlackElo "2678"]
[PlyCount "74"]

1. d4 Nf6 2. Nf3 e6 3. c4 Bb4+ 4. Bd2 Qe7 5. g3 Nc6 6. Nc3
Bxc3 7. Bxc3 Ne4 8. Rc1 Nxc3 9. Rxc3 d6 10. d5 Nb8 11. Bg2 e5
12. O-O O-O 13. Qc2 a5 14. c5 Na6 15. cxd6 cxd6 16. Rc1 Bd7
17. Nd2 b5 18. Qd1 a4 19. e3 f5 20. Nf3 Rfc8 21. Bf1 Rxc3
22. Rxc3 Nc5 23. b4 axb3 24. axb3 Ne4 25. Rc7 Qd8 26. Qc2 b4
27. Kg2 Nc3 28. Rb7 Ra2 29. Qc1 Ne4 30. Kg1 Rxf2 31. Nh4 Ra2
32. Rxb4 h6 33. Rb7 Kh7 34. b4 Nd2 35. Qc7 Qxh4 36. Be2 Nf3+
37. Kf1 Qxh2 0-1

[Event "Mindsports"]
[Site "Beijing CHN"]
[Date "2008.10.09"]
[EventDate "2008.10.09"]
[Round "1"]
[Result "1-0"]
[White "Arkadij Naiditsch"]
[Black "Manuel Leon Hoyos"]
[WhiteElo "2678"]
[BlackElo "2535"]
[PlyCount "105"]

1. e4 c5 2. Nf3 g6 3. c4 Nc6 4. d4 cxd4 5. Nxd4 Nf6 6. Nc3 d6
7. Be2 Nxd4 8. Qxd4 Bg7 9. Be3 O-O 10. Qd2 Be6 11. O-O Qa5
12. Rac1 Rfc8 13. b3 Ng4 14. Bxg4 Bxg4 15. Bd4 Bd7 16. Bxg7
Kxg7 17. Qd4+ Kg8 18. Nd5 Qd8 19. a4 Bc6 20. Ne3 a6 21. Rc3 b5
22. cxb5 axb5 23. a5 Qxa5 24. Nf5 e5 25. Ne7+ Kg7 26. Qe3 Bb7
27. Nxc8 Rxc8 28. Rxc8 Bxc8 29. h4 h5 30. f4 exf4 31. Qd4+ Kg8
32. Qxd6 Be6 33. b4 Qa7+ 34. Kh1 Qa3 35. Rxf4 Qe3 36. Kh2 Kh7
37. Qe5 Qe1 38. Qxb5 Qd2 39. Rf3 Qd6+ 40. Kh1 Qd1+ 41. Qf1 Qd8
42. Rf4 Qc7 43. b5 Kg8 44. Rf3 Qd8 45. Qf2 Qd1+ 46. Kh2 Qd6+
47. g3 Qb4 48. b6 Qxe4 49. Rf4 Qb1 50. Qd4 Qa2+ 51. Rf2 Qb1
52. Qb2 Qe4 53. b7 1-0